000 00589nam a2200181 4500
003 SEACOMEC
005 20240826133538.0
008 240212b |||||||| |||| 00| 0 eng d
020 _cRs.450.00
_a‎ 978-8188429448
040 _aSEACOMEC
082 _a620.11
_bY47
100 _aYesudian, C. Daniel
245 1 _aMaterial science and metallurgy: for engineers
_cC. Daniel Yesudian and D.G. HARRIS SAMUEL,
260 _aCHENNAI.
_b SCITECH PUBLICATIONS (INDIA) PVT. LTD.,
_c2004
650 _aTechnology,Engineering mechanics and materials
700 _aKodgire,S.V.
942 _cBOOK
999 _c1640
_d1640